00282nam a2200133Ia 4500003000900000008004100009040001300050040001300063041000800076100001400084245003600098300000800134490000600142IT-RoPAU120407s9999 xx 000 0 und d aIT-RoPAU cIT-RoPAU aita aErnst Ell aGenitori prudenti, figli felici c cm v1